000 00613nam a22002057a 4500
005 20251108173624.0
008 250721s2008 xx 000 0 ara d
082 1 4 _a674.1/ محم
100 1 _aمحمد، أيمن سعدي
245 1 0 _aتكنولوجيا الخامات ( النجارة ) /
264 1 _aعمان :
_bمكتبة المجتمع العربي،
_c2008.
300 _a217ص.
650 1 7 _aالنجارة
650 1 7 _aصناعة النجارة
650 1 7 _aالاثاث الخشبي
650 1 7 _aالخشب
650 1 7 _aالتكنولوجيا
942 _2ddc
_cBK
999 _c108331
_d108331